• 首页
  • 本馆介绍
  • 公告通知
  • 最新文献
  • 馆藏检索
  • 电子资源
  • 读者导购
  • 参考咨询
  • 我的图书馆
  • 登录
  • 详细信息显示
  • 放入我的书架
  • 预约/预借图书
  • 作者相关作品
  • 分类相关作品
  • 丛书相关作品
  • 出版社相关作品

书目信息

  • 表格格式
  • 工作单格式
  • 卡片格式
题名:
诗意栖居柯柯牙
    
 
作者: 董明侠 , 钱建军 著
分册:  
出版信息: 乌鲁木齐   新疆人民出版社  2021.12
页数: 284页, [8] 页图版
开本: 24cm
丛书名:
单 册:
中图分类: I253.7 , P942.457.3
科图分类:
主题词: 纪实文学--ji shi wen xue--中国--当代 , 沙漠治理--sha mo zhi li--新疆
电子资源:
ISBN: 978-7-228-20879-1
000 01372nam0 2200301 450
001 CAL 012022071222
005 20230301154351.23
010    @a978-7-228-20879-1@dCNY57.00
100    @a20221216d2021 em y0chiy0120 ea
101 0  @achi
102    @aCN@b650000
105    @aaf z 000zy
106    @ar
200 1  @a诗意栖居柯柯牙@Ashi yi qi ju ke ke ya@f董明侠, 钱建军著
205    @a第2版
210    @a乌鲁木齐@c新疆人民出版社@d2021.12
215    @a284页, [8] 页图版@c图 (部分彩图)@d24cm
300    @a“文化润疆”工程之阿克苏地区重点文艺作品扶持项目
314    @a董明侠, 中国作家协会会员, 编剧、诗人。钱建军, 新疆作家协会会员。
330    @a本书主要讲述了阿克苏柯柯牙荒漠绿化工程30多年来“求生存”“求发展”“求生态”的发展历程, 歌颂了阿克苏七任领导带领当地群众发扬“自力更生、团结奋斗、艰苦创业、无私奉献”的“柯柯牙精神”, 一年接着一年干, 一代接着一代干, 终在昔日的荒漠戈壁建起了集生态林、经济林、防风林于一体的防风治沙绿色长城, 改变了当地的生态环境, 使阿克苏变成适宜居住的绿色家园。柯柯牙从荒原到绿海的生动实践, 也为世界贡献了生态文明建设的中国方案。
606 0  @a纪实文学@Aji shi wen xue@y中国@z当代
606 0  @a沙漠治理@Asha mo zhi li@y新疆
690    @aI253.7@v5
690    @aP942.457.3@v5
701  0 @a董明侠@Adong ming xia@4著
701  0 @a钱建军@Aqian jian jun@4著
801  0 @aCN@bBJXHZP@c20230228
905    @b1396384-7@dI253.7@e1217=2@f4
    
    诗意栖居柯柯牙/董明侠, 钱建军著.-第2版.-乌鲁木齐:新疆人民出版社,2021.12
    284页, [8] 页图版:图 (部分彩图);24cm
    “文化润疆”工程之阿克苏地区重点文艺作品扶持项目
    
    ISBN 978-7-228-20879-1:CNY57.00
    本书主要讲述了阿克苏柯柯牙荒漠绿化工程30多年来“求生存”“求发展”“求生态”的发展历程, 歌颂了阿克苏七任领导带领当地群众发扬“自力更生、团结奋斗、艰苦创业、无私奉献”的“柯柯牙精神”, 一年接着一年干, 一代接着一代干, 终在昔日的荒漠戈壁建起了集生态林、经济林、防风林于一体的防风治沙绿色长城, 改变了当地的生态环境, 使阿克苏变成适宜居住的绿色家园。柯柯牙从荒原到绿海的生动实践, 也为世界贡献了生态文明建设的中国方案。
●
相关链接 在E读中查询图书 在五车中查询图书 在当当中查询图书 在豆瓣中查询图书


正题名:诗意栖居柯柯牙     索取号:I253.7/1217=2         预约/预借

序号 登录号 条形码 馆藏地/架位号 状态 备注
1 1396384   213963843   第一样本阅览室/ [索取号:I253.7/1217=2] 在馆    
2 1396385   213963852   第二借阅区/ [索取号:I253.7/1217=2] 在馆    
3 1396386   213963861   第二借阅区/ [索取号:I253.7/1217=2] 在馆    
4 1396387   213963870   第二借阅区/ [索取号:I253.7/1217=2] 在馆    
唐山师范学院图书馆 欢迎您!
大连网信软件有限公司© 版权所有